Normal view
MARC view
- Hilbert spaces
Entry Topical Term
001 - CONTROL NUMBER
- control field: 7576
003 - CONTROL NUMBER IDENTIFIER
- control field: OSt
005 - DATE AND TIME OF LATEST TRANSACTION
- control field: 20260108110755.0
008 - FIXED-LENGTH DATA ELEMENTS
- fixed length control field: 260108|| aca||aabn | a|a d
040 ## - CATALOGING SOURCE
- Original cataloging agency: OSt
- Transcribing agency: OSt
150 ## - HEADING--TOPICAL TERM
- Topical term or geographic name entry element: Hilbert spaces
670 ## - SOURCE DATA FOUND
- Source citation: Work cat.: (OSt)754893: Rynne, Bryan P 7573, Linear functional analysis, 2008
